[Event "33rd ECCC Open 2017"]
[Site "Antalya"]
[Date "2017.10.11"]
[Round "3"]
[White "Mamedyarov, Shakhriyar"]
[Black "Harikrishna, P."]
[Result "1/2-1/2"]
[WhiteElo "2791"]
[BlackElo "2733"]
[Annotator "TA"]
[PlyCount "107"]
[EventType "team-tourn"]
[EventCountry "TUR"]
[SourceTitle "playchess.com"]
[Source "ChessBase"]
[SourceQuality "1"]
[WhiteTeam "Globus"]
[BlackTeam "Novy Bor"]

{[%evp 18,107,13,-28,-13,-10,0,-3,8,-14,-9,-12,-11,-62,-63,-56,-59,-56,-66,-97,-14,-14,-8,-8,0,-9,-9,-19,-18,-8,-12,-64,-51,-52,-65,-65,-64,-62,-54,-52,-51,-72,-75,-102,-102,-102,-102,-102,-102,-126,-126,-126,-126,-126,-88,-129,-129,-129,-126,-131,-129,-129,-129,-131,-129,-129,-129,-129,-126,-126,-88,-88,-48,-129,-126,-126,-126,-108,-35,-88,-88,-88,-20,-20,0,0,0,0,0,0,0,0]} 1. d4 {[%cal Bd2d4,Bd4d5][%mdl 32]} Nf6 2. c4 e6 3. Nc3 Bb4 4. f3 c5 5. d5 b5 6. e4 {E20: Nimzo-Indian: 4 g3 and 4 f3} O-O 7. e5 Ne8 8. f4 exd5 9. cxd5 d6 10. Nf3 {LiveBook: 30 Games} c4 (10... Nc7 11. a4 Bb7 12. Bd3 h6 13. O-O Bxc3 14. bxc3 dxe5 15. axb5 {1-0 (32) Mamedyarov,S (2766)-Hou,Y (2651) Sharjah 2017}) 11. a4 Nd7 12. Be2 Qb6 13. axb5 dxe5 14. fxe5 Nc7 $146 15. Ra4 (15. Kf1 $11) 15... a5 $1 $15 16. bxa6 Bxa6 17. Rxb4 Qxb4 18. O-O Qc5+ (18... Bb7 $17 {Black wants to play ...Qc5+.} 19. Qd4 Nb6) 19. Qd4 $11 Qxd4+ 20. Nxd4 Bb7 21. d6 Ne6 22. Nxe6 fxe6 23. Bf4 g5 $36 {[%mdl 2048] Black has some pressure.} 24. Bxc4 (24. Bxg5 $11 Nxe5 25. Rxf8+ Kxf8 26. Bxc4) 24... gxf4 $15 25. Bxe6+ {[#]} Rf7 $1 26. Rxf4 (26. Bxf7+ Kxf7) 26... Nxe5 27. d7 Kf8 28. Bxf7 Nxf7 29. Nb5 {Black must now prevent Nd6.} Rd8 30. Rxf7+ Kxf7 31. Nd6+ Kg6 32. Nxb7 Rxd7 $17 {[%mdl 4096] Endgame KR-KN} 33. Nc5 Rd2 {[%mdl 1024] Black has strong compensation.} 34. b4 Kf5 35. h3 Rb2 36. Nd3 Rb3 37. Ne1 Rxb4 38. Kh2 Re4 39. Nf3 Kf4 40. Nd2 Rd4 41. Nf1 Rd7 42. Kg1 Ke4 43. Kf2 Kd3 44. Nh2 Rf7+ 45. Ke1 ({White should play} 45. Kg3 $15) 45... Ra7 46. Kf2 {[#]} Ke4 $1 47. Kg3 Ra3+ ({Better is} 47... Rg7+ $17 48. Kf2 Kf4) 48. Kg4 (48. Nf3 $15) 48... Ra2 49. Kg3 Ke3 (49... Ra6 $17 {Hoping for ...Rf6.} 50. Nf3 Rg6+ 51. Kf2 Rg7) 50. Ng4+ $11 {The position is equal.} Ke2 51. Nf6 Ra7 52. Kf4 Kf2 53. g4 Ra4+ 54. Ke5 {Precision: White = 65%, Black = 62%.} 1/2-1/2

[Event "33rd ECCC Open 2017"]
[Site "Antalya"]
[Date "2017.10.11"]
[Round "3"]
[White "Karjakin, Sergey"]
[Black "Ragger, Markus"]
[Result "1-0"]
[WhiteElo "2765"]
[BlackElo "2659"]
[Annotator "TA"]
[PlyCount "145"]
[EventType "team-tourn"]
[EventCountry "TUR"]
[SourceTitle "playchess.com"]
[Source "ChessBase"]
[SourceQuality "1"]
[WhiteTeam "Globus"]
[BlackTeam "Novy Bor"]

{[%evp 19,145,19,33,14,27,17,22,26,15,10,12,8,17,12,17,26,18,22,12,18,18,18,19,10,25,18,16,3,10,-5,21,7,49,49,47,38,50,50,45,46,34,43,78,43,64,31,58,79,59,43,75,84,72,47,51,53,61,30,75,79,78,15,45,18,47,52,104,95,115,105,107,98,115,79,204,205,192,168,214,0,113,111,254,275,302,291,309,305,303,303,286,309,297,291,350,332,320,281,253,237,271,234,341,340,456,422,446,423,422,0,369,0,396,309,385,300,371,361,373,354,432,456,449,444,435,434,460,470]} 1. e4 e5 2. Nf3 Nc6 3. Bb5 {[%cal Bf1b5,Bb5a4,Ba4b3,Bb3a2][%mdl 32]} a6 4. Ba4 Nf6 5. O-O Be7 6. d3 b5 7. Bb3 d6 8. a3 O-O 9. Nc3 {[%cal Bb1c3,Bc3e2,Be2g3][%mdl 32]} Nb8 {C77: Ruy Lopez: 3...a6 4 Ba4 Nf6, unusual lines} 10. Re1 Nbd7 {LiveBook: 3 Games} 11. Ba2 $146 ({Predecessor:} 11. Ne2 Nc5 12. Ba2 Be6 13. Bxe6 Nxe6 14. Ng3 g6 15. c3 c5 16. d4 exd4 17. cxd4 {½-½ (37) Adams,M (2761)-Harikrishna,P (2755) Shamkir 2017}) 11... Bb7 {The position is equal.} 12. Ne2 d5 13. exd5 Nxd5 14. Ng3 Nf4 15. d4 (15. Bd2 {feels hotter.} Bd6 16. Bc3 Re8 17. Ne4 Bd5 18. Bxd5 Nxd5 19. Ba5) 15... Ng6 {[%cal Bf4g6,Bg6e5,Be5c4][%mdl 32]} 16. dxe5 Ndxe5 17. Nxe5 Qxd1 18. Rxd1 {aiming for Nf5.} Nxe5 19. Bf4 Bd6 20. Kf1 Nc4 21. Bxd6 Nxd6 22. Ne2 Rfd8 23. Nf4 Kf8 24. Rd3 Be4 25. Rc3 Ne8 26. f3 Bb7 27. Re1 Rd4 28. Nd3 Bd5 29. Bxd5 Rxd5 30. a4 Rd4 31. axb5 axb5 32. Rc5 Rb8 33. b3 Rd6 34. Nb4 f6 35. Nd5 Rb7 36. Ra1 c6 37. Nb4 Rc7 38. Ra6 {[%cal Ra6c6]} Re7 39. Nd3 $1 ({But not} 39. Raxc6 Rd1+ 40. Kf2 Rd2+ 41. Kf1 (41. Kg3 Ree2 $17) 41... Ree2 $11) 39... Rc7 40. Ke2 (40. Rb6 $16) 40... Ke7 41. Nb4 {[%cal Ra6c6]} Kd7 42. Ra8 Re6+ (42... Ke7 $14) 43. Kf2 Ke7 44. h4 g6 45. g4 Rd6 46. Rc3 Ng7 (46... Kf7 $16) 47. Na6 $1 $18 {[%cal Ra6c7]} Rcd7 48. Nc5 $36 {[%mdl 2048] Keeping Black busy.} Rc7 49. Na6 (49. Rh8 $1 $18) 49... Rcd7 $16 50. Rc8 h5 {[#]} (50... Ne6 $16) 51. Nb8 $1 $18 {[%cal Rb8d7]} ({Less strong is} 51. R3xc6 Rxc6 52. Rxc6 Rd2+ 53. Kg3 Ne6 $16) ({Don't play} 51. R8xc6 $6 Kf7 $16) 51... Rd2+ {[#]} 52. Ke3 $1 R7d5 53. Nxc6+ Ke6 54. Rc7 Rd7 55. Rxd7 Rxd7 {[%mdl 4096] Endgame KRN-KRN} 56. Nd4+ Kd5 57. Nxb5 Re7+ 58. Kf2 hxg4 59. fxg4 f5 60. Rc4 Ke5 (60... Ne6 $142 61. Ra4 Ke5) 61. Nd4 Rf7 62. Nf3+ Kd5 63. Rd4+ Kc5 64. Rc4+ Kd5 65. Rd4+ Kc5 66. Ra4 Rf8 67. Ke2 Ne6 68. gxf5 gxf5 69. Ng5 Nc7 70. h5 {[%cal Bh4h5,Bh5h6][%mdl 32] White is clearly winning.} Rg8 71. Rc4+ Kb6 72. Nh3 Nd5 73. h6 {Precision: White = 61%, Black = 47%.} 1-0

[Event "33rd ECCC Open 2017"]
[Site "Antalya"]
[Date "2017.10.11"]
[Round "3"]
[White "Yu, Yangyi"]
[Black "Vea, Odin Blikra"]
[Result "1-0"]
[WhiteElo "2743"]
[BlackElo "2211"]
[Annotator "TA"]
[PlyCount "73"]
[EventType "team-tourn"]
[EventCountry "TUR"]
[SourceTitle "playchess.com"]
[Source "ChessBase"]
[SourceQuality "1"]
[WhiteTeam "Alkaloid"]
[BlackTeam "Valerenga"]

{[%evp 12,73,29,26,27,25,40,33,61,65,55,58,87,64,79,72,137,139,145,147,149,159,216,214,217,89,91,75,100,117,120,121,327,346,345,331,327,340,349,337,454,452,518,498,720,506,561,506,509,400,496,483,560,565,550,513,1043,1176,969,961,1132,1113,1237,1215]} 1. d4 Nf6 2. c4 e6 3. Nc3 Bb4 4. Nf3 O-O 5. e3 c5 6. Bd3 Bxc3+ 7. bxc3 d6 {E50: Nimzo-Indian: Rubinstein: 4...0-0 5 Nf3} 8. e4 e5 9. d5 Bg4 {White is slightly better.} 10. h3 {[%cal Bh2h3,Bh3h4][%mdl 32]} Bh5 $146 ({Predecessor:} 10... Bxf3 11. Qxf3 Nbd7 12. Bd2 Qc7 13. g4 a6 {1-0 (31) Dao,T (2580)-Guillen Ramirez,J (2310) Elista 1998}) 11. a4 Nbd7 12. g4 Bg6 13. Nd2 {[%cal Bf3d2,Bd2f1,Bf1g3][%mdl 32]} Ne8 (13... h5 $142) 14. h4 $16 f6 15. Nf1 Bf7 16. Ng3 g6 (16... Qa5 $16) 17. Bh6 $18 Ng7 18. g5 (18. h5 $18 {has better winning chances.}) 18... fxg5 19. Bxg5 Qa5 20. Qd2 Be8 21. O-O Rf4 $2 (21... Qc7 $16) 22. Bxf4 exf4 23. Qxf4 Ne5 24. Be2 Qxc3 25. Qc1 Qa5 26. f4 {[%cal Bf2f4,Bf4f5,Bf5f6][%mdl 32]} Nf7 27. f5 Bd7 (27... Qd8 $142 28. f6 Bd7 29. fxg7 Qxh4) 28. f6 Ne8 29. Ra3 Qd8 30. Qf4 Nc7 31. Nf5 {White is clearly winning.} Bxf5 32. exf5 {[%cal Be4f5,Bf5g6][%mdl 32]} Qxf6 33. Rg3 {[#] Intending fxg6 and mate.} Kg7 (33... Ne5 $142 34. fxg6 Qxf4 35. gxh7+ Kxh7 36. Rxf4 Rg8) 34. fxg6 Qxf4 35. Rxf4 hxg6 36. Bh5 Ne5 {[#]} 37. Bxg6 $1 {[%mdl 512] Precision: White = 86%, Black = 36%.} 1-0

[Event "33rd ECCC Open 2017"]
[Site "Antalya"]
[Date "2017.10.11"]
[Round "3"]
[White "Wojtaszek, Radoslaw"]
[Black "Kramnik, Vladimir"]
[Result "1/2-1/2"]
[WhiteElo "2737"]
[BlackElo "2794"]
[Annotator "TA"]
[PlyCount "73"]
[EventType "team-tourn"]
[EventCountry "TUR"]
[SourceTitle "playchess.com"]
[Source "ChessBase"]
[SourceQuality "1"]
[WhiteTeam "Novy Bor"]
[BlackTeam "Globus"]

{[%evp 20,73,27,15,11,6,13,16,14,13,13,12,14,14,13,17,13,15,18,10,14,16,25,7,15,9,47,0,8,0,0,0,5,0,16,0,0,0,0,0,0,0,0,0,9,0,0,0,0,0,0,0,0,0,0,0]} 1. d4 Nf6 2. c4 e6 3. Nf3 d5 4. Nc3 c5 5. cxd5 Nxd5 6. e4 Nxc3 7. bxc3 cxd4 8. cxd4 Bb4+ 9. Bd2 Bxd2+ 10. Qxd2 O-O 11. Bd3 Nc6 {D41: Queen's Gambit Declined: Semi-Tarrasch with 5 cxd5} 12. Bc2 (12. e5 Qa5 13. Rc1 Qxd2+ 14. Kxd2 Rd8 15. Be4 Nxd4 16. Nxd4 Rxd4+ 17. Ke3 Rd8 18. Rc7 Rb8 19. Rb1 {1-0 (70) Adly,A (2619)-Batchuluun,T (2555) Abu Dhabi 2017}) 12... b6 13. O-O Bb7 14. d5 $146 ({Predecessor:} 14. Rfd1 Qe7 15. Rac1 Rfd8 16. Qe3 Rac8 17. Bb1 Na5 18. h3 Nc4 19. Qb3 {0-1 (44) Vovk,O (2127)-Smith,T (2252) Helsingor 2015}) 14... Na5 {[%cal Re6d5]} 15. dxe6 fxe6 16. Qe2 Rc8 17. Rad1 Qc7 18. Nd4 Qe5 19. Rfe1 Rc4 20. Nf3 Qc5 21. Bb1 h6 22. Rd7 Bc8 (22... Rc1 {is interesting.} 23. Rxc1 Qxc1+ 24. Rd1 Qc7 25. h4 Rd8) 23. Rd2 (23. Rxa7 {feels hotter.} Bb7 24. Qe3 Qxe3 25. Rxe3 Rfc8 26. Re1) 23... Nc6 {The position is equal.} 24. Red1 Rc1 25. Rxc1 Qxc1+ 26. Rd1 Qc3 27. e5 Rd8 28. h4 Rxd1+ 29. Qxd1 Kf7 30. Qa4 Qc1+ 31. Kh2 Ne7 32. Qe4 Bd7 33. Nd4 Qd2 34. Qf3+ Kg8 35. Qa8+ Kf7 36. Qf3+ Kg8 37. Qa8+ {Precision: White = 69%, Black = 75%.} 1/2-1/2

[Event "33rd ECCC Open 2017"]
[Site "Antalya"]
[Date "2017.10.11"]
[Round "3"]
[White "Nepomniachtchi, Ian"]
[Black "Bartel, Mateusz"]
[Result "1/2-1/2"]
[WhiteElo "2733"]
[BlackElo "2613"]
[Annotator "TA"]
[PlyCount "121"]
[EventType "team-tourn"]
[EventCountry "TUR"]
[SourceTitle "playchess.com"]
[Source "ChessBase"]
[SourceQuality "1"]
[WhiteTeam "Globus"]
[BlackTeam "Novy Bor"]

{[%evp 12,121,38,45,55,29,43,41,40,31,45,-94,-79,-84,-82,-104,-105,-160,-161,-271,-245,-243,-263,-214,-27,-95,-95,-95,-96,-103,-99,-108,-108,-107,-114,-87,14,8,479,458,596,596,554,550,426,194,196,191,196,192,178,185,189,182,201,209,190,186,181,181,139,116,177,64,67,65,70,60,60,56,63,63,62,64,61,56,66,7,9,0,21,0,0,0,0,0,0,0,0,0,8,11,102,127,387,366,382,227,368,378,575,307,494,0,0,0,0,0,0,0,0,0]} 1. c4 e6 2. Nc3 d5 3. d4 a6 4. cxd5 exd5 5. Qb3 c6 6. e4 {D31: Queen's Gambit Declined: Semi-Slav without ...Nf6 (+ Marshall Gambit and Noteboom) and Exchange Variation lines without ...Nf6} dxe4 7. Bc4 {LiveBook: 3 Games} Qe7 8. a4 $1 {White is slightly better.} Nf6 9. Bg5 (9. Nge2 g6 10. O-O Bg7 11. Ng3 O-O 12. Re1 b5 13. axb5 cxb5 14. Bxb5 Qb7 15. Ba4 Qxb3 16. Bxb3 Nc6 17. Rd1 Bg4 18. Nge2 {½-½ (18) Svidler,P (2751)-Erdos,V (2628) Tbilisi 2017}) 9... h6 $146 ({Predecessor:} 9... Bf5 10. Nge2 Bg6 11. Nf4 Qb4 12. Qa2 Nbd7 13. Nxg6 fxg6 {1-0 (24) Wells,P (2434)-Murphy,C (2154) Llandudno 2017}) 10. Bxf6 gxf6 11. d5 (11. Nge2 $14 {keeps the upper hand.}) 11... f5 12. Nge2 Nd7 13. O-O Ne5 14. dxc6 (14. Nf4 $142) 14... bxc6 $17 15. Nd5 (15. Rfc1 {was called for.}) 15... cxd5 $19 16. Bxd5 Be6 17. Nf4 {[%cal Rf4e6]} Bg7 $2 ({Black should try} 17... Rd8 $19 18. Bxe6 fxe6 19. Nxe6 Rd6) 18. Bxe6 (18. Nxe6 $11 {remains equal.} fxe6 19. Bxa8) 18... fxe6 $17 19. Nxe6 {Rac1 is the strong threat.} Kf7 20. Nf4+ Kf8 21. Rac1 Re8 22. Nd5 Qd6 {aiming for ...Nd3.} 23. Rc7 Nd3 {[#]} (23... Bf6 $17 24. Rb7 (24. Nxf6 Qxf6 25. Rfc1 Rd8 $17) 24... Bg5) 24. Nf4 $1 $11 {[%csl Gc7][%cal Rb3f7][%mdl 512]} Ne5 $2 {[%mdl 8192]} (24... Re7 $11 25. Rc8+ Re8 26. Ne6+ Kf7 27. Nd4+ Kf8 28. Rxe8+ (28. Nxf5 Qe5 $14) 28... Kxe8 29. Nxf5 Qe5 30. Nxg7+ Kf8) (24... Nxf4 25. Qf7#) 25. Rfc1 $18 Re7 26. Rc8+ Re8 27. Ne6+ $1 Kf7 28. R8c7+ (28. Nc7+ $142 Ke7 29. Nd5+ (29. Rxe8+ Rxe8 30. Nxe8 Kxe8 $11) 29... Kf7 30. R1c7+ Nd7 31. Rc6) 28... Re7 29. Rxe7+ Kxe7 30. Nxg7 Kf6 31. Nh5+ Kg5 32. Ng3 Rd8 33. Qe3+ Kg6 34. Qe2 {Black must now prevent Qh5+.} Ng4 35. h3 Nf6 36. a5 Rb8 {[#]} (36... h5 $16) 37. Rc3 (37. Rd1 $1 $18 {[%cal Rd1d6]} Qe6 38. Qd2) 37... Rb5 $14 38. Qc2 {Strongly threatening Rc6.} Rxa5 39. Rc6 Ra1+ 40. Kh2 Qd1 $1 {[%csl Ga1][%cal Rd1g1]} 41. Rxf6+ Kxf6 {[%csl Ga1][%cal Rd1g1][%mdl 4096] Endgame KQR-KQN} 42. Qc6+ Ke5 {[%csl Ga1][%cal Rd1g1]} ({Stronger than} 42... Kg5 {[#]} 43. h4+ $1 {[%mdl 512]} Kf4 44. Qc7+ Kg4 45. Qg7+ Kxh4 46. Nxf5+ Kh5 47. Qxh6+ Kg4 48. Ne3#) 43. Qe8+ $1 Kd4 $1 {[%csl Ga1][%cal Rd1g1]} 44. Nxf5+ ({Better is} 44. Qh8+ $1 $14 Kc4 45. Nxf5) 44... Kd3 $1 $132 {[%mdl 2048] Black is fighting back} 45. Qe5 {White wants to mate with Qc3+.} Qg1+ 46. Kg3 {Intending Qc3+ and mate.} Qb1 47. Nxh6 Ke2 48. Ng4 Qd3+ 49. Ne3 Rc1 50. h4 {[%cal Bh3h4,Bh4h5][%mdl 32]} Rc8 51. Qf4 Ke1 (51... Rc1 $1 $11) 52. Kh2 Re8 $2 {[%mdl 8192]} (52... Qe2 $16 {is a better defense.}) 53. h5 $18 Qb5 54. Qf7 (54. g4 $142) 54... Rh8 (54... Rb8 {might work better.} 55. h6 Rb6) 55. g4 Qxb2 (55... Qe8 {was worth a try.} 56. Ng2+ Kd2 57. Qd5+ Kc1) 56. Kg1 Rc8 $2 (56... a5 57. Qf4 Rd8 58. Ng2+ Kd1 59. Qxe4 Kc1) 57. Ng2+ $2 (57. h6 $18) 57... Ke2 $11 {Threatens to win with ...Rc1+.The position is equal.} 58. Nf4+ Ke1 59. Ng2+ Ke2 {Hoping for ...Rc1+.} 60. Nf4+ Ke1 61. Ng2+ {Precision: White = 54%, Black = 45%.} 1/2-1/2

[Event "33rd ECCC Open 2017"]
[Site "Antalya"]
[Date "2017.10.11"]
[Round "3"]
[White "Matlakov, Maxim"]
[Black "Najer, Evgeniy"]
[Result "1-0"]
[WhiteElo "2730"]
[BlackElo "2699"]
[Annotator "TA"]
[PlyCount "47"]
[EventType "team-tourn"]
[EventCountry "TUR"]
[SourceTitle "playchess.com"]
[Source "ChessBase"]
[SourceQuality "1"]
[WhiteTeam "Mednyi Vsadnik"]
[BlackTeam "Legacy Square Capital"]

{[%evp 13,47,38,35,24,26,27,11,-13,97,116,74,87,10,12,6,29,6,-82,92,108,104,94,94,84,271,278,336,284,633,638,669,305,478,490,29998,29999]} 1. Nf3 d5 2. d4 Nf6 3. c4 dxc4 4. e3 e6 5. Bxc4 c5 6. O-O Nbd7 7. Nc3 {D26: Angenommenes Damengambit} a6 {LiveBook: 13 Partien} 8. e4 (8. Be2 Qc7 9. d5 exd5 10. Nxd5 Nxd5 11. Qxd5 Be7 12. Ng5 Ne5 13. e4 O-O 14. Bf4 {0-1 (48) Melkumyan,H (2653)-Paehtz,E (2459) Douglas 2016}) 8... b5 9. Bb3 {Weiß hat minimalen Vorteil.} cxd4 10. Nxd4 b4 $146 (10... Bc5 $11 {hält das Gleichgewicht.}) ({Vorgänger:} 10... Qb6 11. Be3 Bc5 12. a4 b4 13. a5 Qd6 14. Na4 Ba7 15. Nb6 Bxb6 16. axb6 {½-½ (29) Guichard,P (2305)-Collas,S (2323) Caen 2011}) 11. Na4 $1 $16 Bb7 12. Bxe6 fxe6 13. Nxe6 {[%cal Bd4e6,Be6g5,Bg5f7,Bf7g5][%mdl 32]} Qa5 $1 14. Bf4 {Und weiter mit Db3 wäre nett.} Rc8 15. Qb3 (15. Re1 $11 {bleibt in der Remisbreite.}) 15... Nh5 $2 (15... Bxe4 $17 {hält den Druck. Weiss muss nun ...Ld5 beachten.} 16. Rfe1 Bd5) 16. Ng5 {Weiss will mit Df7+ Matt setzen.} Nxf4 17. Qf7+ Kd8 18. Qxf4 $40 {[%mdl 128] Weiss greift entschieden an.} Rg8 $2 (18... Rc6 $16 {war einen Versuch wert.}) 19. Rad1 $1 $18 {Und Df7 würde nun gewinnen.} Bc6 {[#]} 20. e5 $1 {[%cal Re5e6]} ({Schwächer ist} 20. Nxh7 Be7 $11) 20... h6 $2 {[#]} (20... Kc7) 21. Nf7+ $1 Ke8 22. Qf5 (22. Qc4 $142 {Weiss droht De6+ und Matt.} Be7 23. Nd6+ Bxd6 24. Rxd6) 22... Be7 (22... Bd5 $142 23. Rfe1 g6 24. Nd6+ Bxd6 25. exd6+ Kd8 26. Rxd5 (26. Qxd5 Qxd5 27. Rxd5 Re8 $18) 26... gxf5 27. Rxa5 Rc6 28. Rxf5 Rxd6) 23. Qg6 {Beabsichtigt Sg5+ und Matt.} (23. Nd6+ Bxd6 24. Qe6+ (24. Rxd6 Bxa4 25. Rfd1 Qc7 $11) 24... Kf8 $16) 23... Qxa4 (23... Kf8 $18 24. e6 Nf6) 24. Ng5+ {Precision: Weiß = 67%, Schwarz = 22%.} 1-0

[Event "33rd ECCC Open 2017"]
[Site "Antalya"]
[Date "2017.10.11"]
[Round "3"]
[White "Vitiugov, Nikita"]
[Black "Grachev, Boris"]
[Result "1/2-1/2"]
[WhiteElo "2728"]
[BlackElo "2645"]
[Annotator "TA"]
[PlyCount "64"]
[EventType "team-tourn"]
[EventCountry "TUR"]
[SourceTitle "playchess.com"]
[Source "ChessBase"]
[SourceQuality "1"]
[WhiteTeam "Mednyi Vsadnik"]
[BlackTeam "Legacy Square Capital"]

{[%evp 13,64,16,22,18,32,27,25,23,106,97,141,87,98,86,85,54,88,39,39,31,30,30,30,31,42,43,43,37,29,19,32,14,11,9,7,0,30,26,39,29,37,38,40,0,45,46,54,-9,0,0,0,0,0]} 1. e4 c5 2. Nf3 e6 3. d4 cxd4 4. Nxd4 Nc6 5. Nc3 a6 6. Bf4 d6 {[%cal Bd7d6,Bd6d5,Bd5d4][%mdl 32]} 7. Nxc6 {B46: Sicilian: Taimanov: 5 Nc3 a6} bxc6 {LiveBook: 42 Games} 8. Be2 (8. Bc4 Nf6 9. Bb3 d5 10. Qf3 Be7 11. O-O-O O-O 12. h4 a5 13. e5 Nd7 14. Qg3 Kh8 {0-1 (33) Ivanisevic,I (2611)-Rublevsky,S (2683) Ruma 2017}) 8... Be7 $146 ({Predecessor:} 8... e5 9. Be3 Rb8 10. O-O Nf6 11. b3 Be7 12. h3 O-O 13. f4 exf4 14. Bxf4 Qa5 {1-0 (69) Willmann,B (2120)-Gubo,J (1950) LSS email 2014}) 9. e5 {[%cal Re5d6] White is slightly better.} d5 $1 10. O-O g5 (10... Bd7 $11 {keeps the balance.}) 11. Be3 $16 c5 {[#]} 12. Na4 (12. f4 $142 $1) 12... d4 {[#]} 13. Bd2 $1 Nh6 14. b3 Nf5 15. Bf3 Rb8 16. Nb2 Bb7 17. Bxb7 Rxb7 18. Qh5 Qd5 19. Rae1 h6 20. Nc4 Rg8 21. Qg4 Rg6 22. h3 {[%cal Bh2h3,Bh3g4][%mdl 32]} Kf8 23. Qe4 h5 24. g4 hxg4 25. hxg4 Nh4 {...Nf3+ is the strong threat.} 26. f3 Rb8 {[%cal Bb7b8,Bb8h8,Bh8h2][%mdl 32]} 27. Re2 Kg7 28. Be1 Rh8 29. Bg3 Rgh6 30. Rff2 (30. f4 $14) 30... Ng6 {White must now prevent ...Rh1+.The position is equal.} 31. Rh2 Rxh2 32. Rxh2 {next Qxd5 is good for White.} Rxh2 {Precision: White = 52%, Black = 64%.} 1/2-1/2

[Event "33rd ECCC Open 2017"]
[Site "Antalya"]
[Date "2017.10.11"]
[Round "3"]
[White "Navara, David"]
[Black "Grischuk, Alexander"]
[Result "1/2-1/2"]
[WhiteElo "2726"]
[BlackElo "2785"]
[Annotator "TA"]
[PlyCount "60"]
[EventType "team-tourn"]
[EventCountry "TUR"]
[SourceTitle "playchess.com"]
[Source "ChessBase"]
[SourceQuality "1"]
[WhiteTeam "Novy Bor"]
[BlackTeam "Globus"]

{[%evp 16,60,0,-13,2,-5,0,0,14,-9,-16,-10,-10,-10,-6,-3,-10,-9,-16,-14,0,0,0,0,0,0,0,0,0,0,0,0,0,0,0,0,0,0,0,0,0,0,0,0,0,0,0]} 1. e4 e5 2. Nf3 Nc6 3. Bb5 Nf6 4. d3 Bc5 5. c3 d5 (5... O-O 6. Bg5 h6 7. Bh4 Be7 8. O-O d6 9. Bg3 Bg4 10. h3 Bh5 11. Nbd2 Nd7 12. d4 exd4 13. Bxc6 bxc6 14. cxd4 {½-½ (34) Grandelius,N (2653)-Caruana,F (2799) Douglas 2017}) 6. O-O {C65: Ruy Lopez: Berlin Defence (3...Nf6), unusual lines and 4 0-0 Bc5} dxe4 7. Nxe5 O-O 8. Bxc6 $146 ({Predecessor:} 8. Nxc6 bxc6 9. Bxc6 Ng4 10. Bxa8 Qh4 11. Bf4 Bxf2+ 12. Kh1 Nxh2 13. Bg5 Qxg5 14. Rxf2 {½-½ (26) Kovalev,V (2598)-Sousa,A (2380) Lisbon 2017}) 8... bxc6 9. d4 {LiveBook: 3 Games. The position is equal.} Bd6 10. Bg5 h6 11. Bh4 Ba6 (11... g5 $5 12. Bg3 $8 c5 $11) 12. Re1 Bxe5 $1 13. dxe5 {[#] Strongly threatening Nd2.} Qxd1 14. Rxd1 Ng4 15. Nd2 Nxe5 {Black wants to play ...f5.} 16. Nxe4 Nd3 17. Be7 Rfe8 18. Nc5 Rxe7 19. Nxd3 Bxd3 20. Rxd3 $11 {[%mdl 4096] Endgame KRR-KRR} Re2 21. b3 Rae8 {[#] ( -> ...Re1+)} 22. Kf1 Rb2 23. Re1 Rxe1+ 24. Kxe1 Rxa2 {KR-KR} 25. Rd8+ Kh7 26. Rd7 Ra3 27. Rxc7 Rxb3 28. Rxc6 a5 29. Ra6 Rxc3 30. Rxa5 g6 {Precision: White = 79%, Black = 77%.} 1/2-1/2

[Event "33rd ECCC Open 2017"]
[Site "Antalya"]
[Date "2017.10.15"]
[Round "3"]
[White "Eljanov, Pavel"]
[Black "Christiansen, Johan-Sebastian"]
[Result "1-0"]
[WhiteElo "2720"]
[BlackElo "2462"]
[Annotator "TA"]
[PlyCount "121"]
[EventType "team-tourn"]
[EventCountry "TUR"]
[WhiteTeam "Alkaloid"]
[BlackTeam "Valerenga"]

{[%evp 26,121,26,26,21,25,69,72,119,111,116,118,108,112,126,75,97,101,80,78,77,72,84,65,110,105,70,43,154,144,139,137,152,113,113,100,130,140,258,252,256,194,186,183,154,82,252,243,239,245,223,213,196,84,84,83,83,82,76,76,88,67,87,83,80,51,38,44,176,144,146,132,210,208,227,222,203,219,252,247,329,360,307,216,241,239,268,268,493,488,801,592,923,1875,1393,1317,1281,1179]} 1. c4 c5 2. Nf3 Nf6 3. Nc3 Nc6 4. d4 cxd4 5. Nxd4 e5 6. Ndb5 d6 7. e4 a6 8. Na3 Be7 9. Nc2 O-O 10. Be2 Be6 11. O-O Rc8 12. b3 b5 {B32: Sicilian: Löwenthal and Kalashnikov Variations} 13. cxb5 axb5 14. Bf3 {LiveBook: 3 Games} (14. Bxb5 Na7 15. Qd3 Rxc3 16. Qxc3 Nxb5 17. Qd3 Qb8 18. a4 Nc7 19. b4 Qb7 20. Bg5 {0-1 (56) Durarbayli,V (2590)-Naiditsch,A (2705) Dubai 2014}) 14... Qd7 {White has an edge.} 15. Be3 $146 ({Predecessor:} 15. Nxb5 d5 16. exd5 Nxd5 17. Ne3 Rfd8 18. Nxd5 Bxd5 19. Qxd5 Qxd5 20. Bxd5 Rxd5 {½-½ (50) Fees,D (2105)-Losonsky,M (2053) ICCF email 2013}) 15... Bd8 16. Nxb5 Ne7 17. Nxd6 Rxc2 18. Qxc2 Qxd6 19. Rfd1 Qa6 20. b4 (20. a4 $142) 20... Nc6 $16 21. Bc5 Nd4 22. Rxd4 exd4 23. Bxf8 Kxf8 24. Qc5+ Be7 25. Qxd4 Nd7 26. Qd2 Ne5 (26... Qa3 $1 $14) 27. Be2 Qb6 28. a3 f6 29. Rc1 Qa7 30. Rc3 Kf7 31. Qe3 Qa4 (31... Qb8 $16 {was worth a try.} 32. f4 Ng4 33. Bxg4 Bxg4) 32. Rc7 $18 Kf8 33. h3 Bd6 34. Ra7 Qc2 {White must now prevent ...Qb1+.} 35. Qd4 (35. Bf1 $142) 35... Qc1+ $2 {[#]} (35... Be7 $16 36. Ra8+ Kf7) 36. Qd1 $1 {[%cal Rd1c1]} Qxd1+ 37. Bxd1 Bc4 38. Rb7 Bd3 39. f4 (39. f3 $18 {and White stays clearly on top.}) 39... Nc4 $16 40. Bb3 {Threatens to win with Rd7.} Bxe4 41. Rd7 Bc6 42. Rd8+ Ke7 43. Rg8 Nxa3 44. Rxg7+ Ke8 45. Rxh7 Bxf4 46. h4 Nb1 (46... Be4 $1 $14 47. Ba4+ Kf8 48. Rh8+ Kg7) 47. Bf7+ Kf8 {Strongly threatening ...Be4.} 48. Bg6 {And now Rf7+ would win.} Be3+ (48... Nc3 $16 {was called for.}) 49. Kh2 $18 Nd2 50. Rf7+ Kg8 {White should prevent ...Be8.} 51. Rxf6 Bd5 52. Kh3 Nc4 {Threatening ...Kg7.} 53. Bf5 Kg7 54. Ra6 Nb6 55. g4 Kf6 56. Bd3 Ke5 $2 (56... Bb7) 57. h5 {White is clearly winning.} Bb7 (57... Be6 $142 58. h6 Bxh6 59. Rxb6 Be3) 58. Ra7 Bc8 59. Re7+ Kf4 60. Re4+ Kf3 {[#]} 61. Rxe3+ $1 {[%mdl 512] Precision: White = 68%, Black = 37%.} 1-0